[Event "NRW-Liga I 9293"]
[Site "Germany"]
[Date "1993.??.??"]
[Round "?"]
[White "Kinsman, Andrew PH"]
[Black "Moiseev, Viktor"]
[Result "1-0"]
[WhiteElo "2340"]
[BlackElo "2455"]

1.d4 Nf6 2.Nf3 e6 3.c4 c5 4.d5 d6 5.Nc3 exd5 6.cxd5 g6 7.Bf4 a6 8.Nd2 Nh5
9.Qa4+ Qd7 10.Qe4+ Be7 11.Bh6 b5 12.Qc2 Bb7 13.e4 Bf8 14.Bxf8 Kxf8 15.a4 b4
16.Nd1 Qe7 17.Ne3 a5 18.Bb5 Nd7 19.O-O Nhf6 20.Rae1 Kg7 21.Nec4 Ba6 22.Bxa6 Rxa6
23.f4 Rd8 24.Qd3 Nb8 25.Qf3 Ra7 26.e5 dxe5 27.d6 Qe6 28.Rxe5 Qc8 29.f5 Qc6
30.fxg6 Qxf3 31.Nxf3 hxg6 32.Rxc5 Ne4 33.Rc7 Rd7 34.Rc8 Na6 35.Rd1 f6 36.Rd5 b3
37.Kf1 Nb4 38.Rd4 f5 39.Nfe5 Nc2 40.Rd3  1-0

[Event "BL9293 (Women)"]
[Site "Germany"]
[Date "1993.??.??"]
[Round "?"]
[White "Gerlach, Manuela"]
[Black "Nuenchert, Eveline"]
[Result "0-1"]
[WhiteElo "2070"]
[BlackElo "2115"]

1.d4 Nf6 2.Nf3 e6 3.c4 c5 4.d5 exd5 5.cxd5 d6 6.Nc3 g6 7.Bf4 a6 8.a4 Bg7
9.e4 O-O 10.Be2 Re8 11.Nd2 Qc7 12.O-O Nbd7 13.Bg3 h6 14.f4 Nh7 15.Qc2 b6
16.Nc4 Bd4+ 17.Kh1 Kg7 18.Bf3 Rb8 19.Rfe1 b5 20.axb5 axb5 21.Na5 Rb6 22.Nc6 Bb7
23.Nxb5 Rxb5 24.Nxd4 Rb4 25.Ne2 Qb6 26.Ra2 Ba6 27.Rea1 Bc4 28.Ra4 Nhf6 29.Rxb4 Qxb4
30.Ra4 Bb3 31.Rxb4 Bxc2 32.Rb7 Bxe4 33.Bxe4 Rxe4 34.Nc3 Rb4 35.Rxb4 cxb4
36.Nb5 Nxd5 37.Nxd6 f5 38.Kg1 Kf6 39.Be1 Nc5 40.Bf2 Nd3 41.Bd4+ Ke6 42.Nb7 N5xf4
43.Kf1 Kd5 44.Bf6 Ne6 45.Ke2 Ndf4+ 46.Kf3 g5 47.Be7 Nd4+ 48.Kf2 Nd3+ 49.Ke3 Nxb2
50.Bxb4 Nc2+  0-1

[Event "Goch op"]
[Site "Goch"]
[Date "1993.??.??"]
[Round "7"]
[White "De Ruyter, L."]
[Black "Dreckmeier, Dirk"]
[Result "1-0"]
[WhiteElo "2200"]
[BlackElo "2000"]

1.d4 Nf6 2.c4 c5 3.d5 e6 4.Nc3 exd5 5.cxd5 d6 6.Nf3 g6 7.Bf4 Bg7 8.Qa4+ Bd7
9.Qb3 Qc7 10.e4 O-O 11.Be2 Ng4 12.O-O Re8 13.Nd2 Ne5 14.Be3 Na6 15.h3 Rac8
16.Nb5 Bxb5 17.Bxb5 Re7 18.Rac1 f5 19.exf5 gxf5 20.Bxa6 bxa6 21.Bxc5 Kh8
22.Bxd6 Qxc1 23.Rxc1 Rxc1+ 24.Kh2 Re8 25.Qa4 Rd8 26.Be7 Rd7 27.d6 Nc6 28.Nf3 h6
29.Qf4 Rc5 30.Qe3 Rb5 31.Qe6 Nb8 32.Nh4 Rxb2 33.Nxf5 Rxf2 34.Nxh6 Kh7 35.Nf7 Bf8
36.Ng5+ Kg7 37.h4 Rb7 38.h5  1-0

[Event "Groningen op"]
[Site "Groningen"]
[Date "1993.??.??"]
[Round "2"]
[White "Gretarsson, Helgi Ass"]
[Black "Magerramov, Elmar"]
[Result "1/2-1/2"]
[WhiteElo "2365"]
[BlackElo "2545"]

1.d4 Nf6 2.c4 e6 3.Nf3 c5 4.d5 exd5 5.cxd5 d6 6.Nc3 g6 7.Bf4 a6 8.e4 Bg7
9.Qa4+ Bd7 10.Qb3 Qe7 11.Qxb7 Nxe4 12.Nxe4 Qxe4+ 13.Be3 Qb4+ 14.Qxb4 cxb4
15.Nd4 O-O 16.O-O-O Rc8+ 17.Kb1 Be8 18.g3 Nd7 19.Nc6 Kh8 20.Bg2 Ne5 21.Nxe5 Bxe5
22.Bh3 f5 23.Rc1 Bb5 24.Rxc8+ Rxc8 25.Bf1 Rb8 26.Bxb5 Rxb5 27.Rd1 b3 28.axb3 Rxb3
29.Rd2 Rb4 30.Ka2 h5 31.Ka3 a5 32.Bg5 Kg8 33.Bd8 Rb5 34.Ka4 Rxb2 35.Rxb2 Bxb2
36.Bc7 Kf7 37.Bxd6 Ke8 38.Kxa5 Bd4 39.Kb5 Kd7 40.Bc5 Bf6 41.Kc4 h4 42.Kd3 hxg3
43.hxg3 Bd8 44.Ke3 Bg5+ 45.Kf3 Ke8 46.Bd6 Kd7 47.Be5 Ke8 48.Kg2 Kd7 49.Kf3 Ke8
50.Ke2 Kd7 51.Kd3 Bd8 52.Kc4 Bb6 53.f3 Bf2  1/2-1/2

[Event "Wichern op"]
[Site "Hamburg"]
[Date "1993.??.??"]
[Round "6"]
[White "Chuchelov, Vladimir"]
[Black "Lyrberg, Patrik"]
[Result "0-1"]
[WhiteElo "2510"]
[BlackElo "2420"]

1.d4 Nf6 2.Nf3 e6 3.c4 c5 4.d5 exd5 5.cxd5 d6 6.Nc3 g6 7.e4 a6 8.h3 b5 9.Bd3 Bg7
10.O-O O-O 11.a3 Re8 12.Re1 Nbd7 13.Bf4 c4 14.Bc2 Nc5 15.e5 dxe5 16.Bxe5 Bb7
17.d6 Nfd7 18.Bxg7 Rxe1+ 19.Qxe1 Kxg7 20.Ne4 Bxe4 21.Bxe4 Rc8 22.Rd1 Qf6
23.Bd5 Nd3 24.Qe7 N7c5 25.b4 cxb3 26.Qxf6+ Kxf6 27.Bxb3 Rd8 28.Bc2 Ne5 29.Nxe5 Kxe5
30.f4+ Ke6 31.Bb1 Nb7 32.Ba2+ Kf6 33.d7 Ke7 34.Re1+ Kf8 35.Rd1 Nc5 36.Rd5 Ne6
37.Rd6 Nc7 38.g4 Ke7 39.Rd2 Rxd7 40.Rxd7+ Kxd7 41.Bxf7 Ne6 42.Bg8 h6 43.g5 hxg5
44.fxg5 Nxg5 45.Kg2 Kd6 46.Bb3 Ke5 47.h4 Ne6 48.Bc2 g5 49.hxg5 Nxg5 50.Kf2 Kd4
51.Bf5 Ne4+ 52.Ke1 Nd6 53.Bd7 Kc3 54.a4 b4 55.Kd1 b3 56.Kc1 Nc4 57.Bf5 Na3  0-1

[Event "HUN-chT2"]
[Site "HUN"]
[Date "1993.??.??"]
[Round "?"]
[White "Bali, Janos"]
[Black "Hovanecz, Laszlo"]
[Result "0-1"]
[WhiteElo "2215"]
[BlackElo "2340"]

1.d4 Nf6 2.c4 c5 3.d5 e6 4.Nc3 exd5 5.cxd5 d6 6.Nf3 g6 7.g3 Bg7 8.Bg2 O-O
9.O-O Na6 10.Nd2 Nc7 11.a4 b6 12.Nc4 Ba6 13.Qb3 Rb8 14.Bf4 Bxc4 15.Qxc4 a6
16.b4 b5 17.axb5 axb5 18.Qb3 c4 19.Qc2 Nh5 20.Be3 f5 21.Ra7 f4 22.gxf4 Nxf4
23.Bxf4 Rxf4 24.e3 Rh4 25.f4 Ra8 26.Rfa1 Rxa7 27.Rxa7 Qb8 28.Ra3 Qb6 29.Qf2 Rh5
30.Bf3 Rf5 31.Be4 Bxc3 32.Rxc3 Rf8 33.Rc2 Na6 34.Qg3 Nxb4 35.Rg2 Qa7 36.Bxg6 Kh8
37.Be4 Qa1+ 38.Kf2 Nd3+ 39.Bxd3 cxd3 40.Rg1 Qa2+ 41.Kf3 Qxd5+ 42.e4 Qf7 43.Ke3 Ra8
44.Qe1 d2 45.Qb1 Ra3+ 46.Ke2 Qh5+  0-1

[Event "HUN-chT"]
[Site "HUN"]
[Date "1993.??.??"]
[Round "?"]
[White "Halasz, Tamas"]
[Black "Palkovi, Jozsef"]
[Result "1/2-1/2"]
[WhiteElo "2385"]
[BlackElo "2415"]

1.d4 Nf6 2.Nf3 e6 3.c4 c5 4.d5 exd5 5.cxd5 d6 6.Nc3 g6 7.Nd2 Bg7 8.e4 O-O
9.Be2 Na6 10.O-O Ne8 11.Nc4 f5 12.exf5 Bxf5 13.Be3 Nac7 14.a4 b6 15.Qd2 Qe7
16.Rae1 Rb8 17.Bf3 Qd7 18.Bg5  1/2-1/2

[Event "HUN-chT"]
[Site "HUN"]
[Date "1993.??.??"]
[Round "?"]
[White "Kincs, Imre"]
[Black "Borsi, Imre"]
[Result "0-1"]
[WhiteElo "2300"]
[BlackElo "2230"]

1.d4 Nf6 2.c4 e6 3.Nf3 c5 4.d5 exd5 5.cxd5 d6 6.Nc3 g6 7.g3 Bg7 8.Bg2 O-O
9.O-O Bd7 10.Bf4 Qc7 11.Rc1 Na6 12.e4 Nh5 13.Be3 b5 14.b3 Rfe8 15.Qd3 Qa5
16.Nd2 Nb4 17.Qe2 Nxa2 18.Nxa2 Qxa2 19.g4 Nf6 20.Ra1 Qb2 21.Rfb1 Qe5 22.h3 Qe7
23.Ra6 Bc8 24.Qxb5 Bxa6 25.Qxa6 Nd7 26.Nc4 Nb6 27.Na5 Qc7 28.Nc6 Nd7 29.Bf4 Be5
30.Nxe5 Nxe5 31.Bg3 Qb6 32.Qa1 Rab8 33.f4 Nd3 34.Qc3 c4+ 35.Kh2 Qe3 36.Re1 Qc5
37.Rb1 Qe3 38.Re1 Qb6 39.Rb1 Nf2 40.Qxc4 Qe3 41.e5 Rbc8 42.Qa4 dxe5 43.fxe5 Rxe5
44.d6 Rc3 45.Bf4 Qe2 46.d7 Rxh3+ 47.Kg1 Rh1+  0-1

[Event "Katowice op"]
[Site "Katowice"]
[Date "1993.??.??"]
[Round "2"]
[White "Skomorokhin, Roman"]
[Black "Bakalarz, Leszek"]
[Result "1-0"]
[WhiteElo "2445"]
[BlackElo "2295"]

1.d4 Nf6 2.c4 e6 3.Nc3 c5 4.d5 exd5 5.cxd5 d6 6.Nf3 g6 7.Nd2 Bg7 8.e4 O-O
9.Be2 b6 10.a4 Ba6 11.Bb5 Bxb5 12.axb5 Ne8 13.O-O Nc7 14.Nc4 Bxc3 15.bxc3 Nxb5
16.Qd3 Nd7 17.f4 f6 18.Bb2 a6 19.Rfe1 Re8 20.Re2 Qb8 21.Rae1 Na7 22.e5 dxe5
23.fxe5 fxe5 24.d6 Nb5 25.Qd5+ Kg7 26.Nxe5 Nxe5 27.Rxe5 Rf8 28.Re7+  1-0

[Event "Kurgan"]
[Site "Kurgan"]
[Date "1993.??.??"]
[Round "?"]
[White "Predein, V."]
[Black "Kotsur, Pavel"]
[Result "0-1"]
[WhiteElo "2315"]
[BlackElo "2425"]

1.d4 Nf6 2.Nf3 c5 3.d5 e6 4.c4 exd5 5.cxd5 d6 6.Nc3 g6 7.g3 Bg7 8.Bg2 O-O
9.O-O Na6 10.a3 Rb8 11.b4 cxb4 12.axb4 Nxb4 13.Rxa7 Na6 14.Be3 Re8 15.Bd4 Qa5
16.Qa1 Qxa1 17.Rxa1 Nb4 18.Ne1 Bf5 19.R7a4 Na6 20.R1a2 Bd7 21.Ra5 Rec8 22.Bf1 Rc4
23.Nb5 Ne4 24.Bxg7 Kxg7 25.Rb2 Rc1 26.Nd3 Rd1 27.Kg2 Rc8 28.h4 Nac5 29.Na7 Rc7
30.Nxc5 Nxc5 31.Nb5 Bxb5 32.Raxb5 Ne4 33.Rb1 Rxb1 34.Rxb1 Nc3 35.Rb2 Nxd5
36.Rd2 Rc5 37.e4 Nc3 38.f3 Rc6 39.Rb2 Rc7 40.Rb6 d5 41.e5 Rd7 42.Kf2 d4 43.f4 d3
44.Bxd3 Rxd3 45.Rxb7 Ne4+ 46.Ke2 Nc5 47.Rc7 Rd5 48.g4 Ne6 49.Rc4 Rc5 50.Ra4 h5  0-1

[Event "Kurgan"]
[Site "Kurgan"]
[Date "1993.??.??"]
[Round "?"]
[White "Rashkovsky, Nukhim N"]
[Black "Kotsur, Pavel"]
[Result "1-0"]
[WhiteElo "2530"]
[BlackElo "2425"]

1.d4 Nf6 2.c4 c5 3.d5 e6 4.Nc3 exd5 5.cxd5 d6 6.Nf3 g6 7.g3 Bg7 8.Bg2 O-O
9.O-O Na6 10.e4 Bg4 11.h3 Bxf3 12.Qxf3 Nd7 13.Qe2 Re8 14.Bf4 Ne5 15.Be3 c4
16.Bd4 Qa5 17.a4 Nc5 18.Nb5 Nb3 19.Bc3 Qb6 20.Rad1 Rac8 21.Kh2 Nd3 22.Bxg7 Kxg7
23.Na3 Qb4 24.Nxc4 Rxc4 25.Qxd3 Nc5 26.Qe2 Qxa4 27.Ra1 Rc2 28.Qd1 Qc4 29.Rxa7 Qb3
30.Qd4+ Kg8 31.Raa1 b5 32.Rab1 Ra8 33.e5 Ra4 34.Qd1 dxe5 35.Rc1 Rxc1 36.Qxc1 Rc4
37.Qg5 Qxb2 38.d6 Qd4 39.Qe7 Ne6 40.h4 Rc2 41.Bh3 Nf8 42.d7 Rd2 43.h5 e4
44.h6 e3 45.d8=Q Qxd8 46.Qxe3 Qd4 47.Qxd4 Rxd4 48.Rc1 Rd8 49.Rb1 Rb8 50.Rb4 Ne6
51.Bf1 Nc7 52.Kg2 Kf8 53.Kf3 Ke7 54.Ke4 Kd6 55.Rd4+ Ke6 56.Rb4 f5+ 57.Kd4 Kd6
58.Rb1 Ne6+ 59.Kc3 Kc5 60.Re1 b4+ 61.Kb2 Rb6 62.Rc1+ Kd6 63.Rc8 Nc5 64.Rd8+ Ke5
65.Bc4 Rd6 66.f4+ Kd4 67.Rxd6+ Kxc4 68.Rc6  1-0

[Event "Las Palmas2"]
[Site "Las Palmas"]
[Date "1993.??.??"]
[Round "?"]
[White "Matamoros Franco, Carlos S"]
[Black "Garcia Padron, J."]
[Result "1/2-1/2"]
[WhiteElo "2410"]
[BlackElo "2445"]

1.d4 Nf6 2.c4 e6 3.Nf3 c5 4.d5 exd5 5.cxd5 d6 6.Nc3 g6 7.e4 Bg7 8.Bg5 h6
9.Bh4 O-O 10.Nd2 a6 11.a4 Nbd7 12.Be2 Qc7 13.O-O Re8 14.f4 Rb8 15.Kh1 Nh7
16.Bg3 f5 17.Bd3 Ndf6 18.Qc2 c4 19.Nxc4 b5 20.axb5 axb5 21.Nxd6 Qxd6 22.e5 Qb4
23.exf6 Nxf6 24.Be1 Qc5 25.Bf2 Qb4 26.Be1 Qc5 27.Bf2 Qb4 28.Be1  1/2-1/2

[Event "Lisboa m"]
[Site "Lisboa"]
[Date "1993.??.??"]
[Round "5"]
[White "Santos, Antonio P"]
[Black "Galego, Luis"]
[Result "0-1"]
[WhiteElo "2285"]
[BlackElo "2390"]

1.d4 Nf6 2.c4 e6 3.Nf3 c5 4.d5 exd5 5.cxd5 d6 6.Nc3 g6 7.e4 Bg7 8.Be2 O-O
9.O-O a6 10.a4 Re8 11.Nd2 Nbd7 12.Qc2 Ne5 13.b3 Qe7 14.Bb2 g5 15.Rfe1 Rb8
16.a5 Bd7 17.Bf1 Ng6 18.Nd1 Ng4 19.Bxg7 Kxg7 20.f3 N4e5 21.Ne3 Qf6 22.Rac1 Rbc8
23.Nf5+ Kg8 24.Ne3 h5 25.Be2 Nf4 26.Ndc4 Nxc4 27.bxc4 Qd4 28.Qc3 f5 29.Bf1 fxe4
30.fxe4 Rxe4 31.Qxd4 cxd4 32.Nc2 Rce8 33.Rxe4 Rxe4 34.Nb4 Bg4 35.c5 dxc5
36.Rxc5 Re1 37.Kf2 Rb1 38.Nd3 Rxf1+ 39.Kxf1 Nxd3 40.Rc7 Ne5 41.d6 d3 42.Ke1 Kf8
43.Kd2 Nf7 44.d7 Nd8 45.Rc5 Ke7 46.Rxg5 Kxd7 47.Kxd3 Ne6 48.Rd5+ Kc6 49.Ke4 Nc5+
50.Ke5 Be2 51.Rd2 Bc4 52.Rd6+ Kb5 53.Rh6 Be2 54.Kd5 Nd3 55.Rb6+ Kxa5 56.Rxb7 Ka4
57.Kd4 Nb4 58.h3 a5 59.Ke3 Bf1 60.Kf2 Bd3 61.Rg7 Kb3 62.Rg5 a4 63.Rxh5 Nc6
64.Rc5 a3  0-1

[Event "Massy op"]
[Site "Massy"]
[Date "1993.??.??"]
[Round "4"]
[White "Roeder, Mathias"]
[Black "Badii, Madjid"]
[Result "1-0"]
[WhiteElo "2425"]
[BlackElo "2260"]

1.d4 Nf6 2.c4 c5 3.d5 e6 4.Nc3 exd5 5.cxd5 d6 6.Nf3 g6 7.Bf4 Bg7 8.Qa4+ Bd7
9.Qb3 Qc7 10.e4 O-O 11.Nd2 Nh5 12.Be3 a6 13.a4 f5 14.exf5 gxf5 15.Be2 Be8
16.Nf3 h6 17.O-O Nd7 18.Rfe1 Rb8 19.Qc2 Qd8 20.a5 Ne5 21.Nxe5 Bxe5 22.Bxh5 Bxh5
23.Bxh6 Rf7 24.f4 Bf6 25.Qd2 b5 26.Bg5 b4 27.Ne2 c4 28.Nd4 Qc8 29.Bxf6 Rxf6
30.Nc6 Rb7 31.Qd4 Rg6 32.Qxc4 Bf3 33.Ne7+  1-0

[Event "Matra op"]
[Site "Matra"]
[Date "1993.??.??"]
[Round "?"]
[White "Chetverik, Maxim"]
[Black "Sergienko, Sergey"]
[Result "1-0"]
[WhiteElo "2290"]
[BlackElo "2430"]

1.d4 Nf6 2.c4 c5 3.d5 e6 4.Nc3 exd5 5.cxd5 d6 6.Nf3 g6 7.Nd2 Bg7 8.e4 O-O
9.Be2 Na6 10.O-O Nc7 11.a4 b6 12.f3 Re8 13.Nc4 Ba6 14.Rb1 Nh5 15.g4 Nf6 16.Bf4 Bxc4
17.Bxc4 a6 18.Qd2 h5 19.h3 Qd7 20.Qd3 Rab8 21.b4 b5 22.axb5 axb5 23.Nxb5 Nxb5
24.bxc5 Na7 25.Rxb8 Rxb8 26.Bxd6 Rb2 27.Be5 Rb4 28.Qc3 Qa4 29.Ra1 Rxc4 30.Rxa4 Rxc3
31.Bxc3 Nb5 32.Bb2 hxg4 33.hxg4 Kf8 34.d6 Ke8 35.Ra5  1-0

[Event "Muenster-IM"]
[Site "Muenster"]
[Date "1993.??.??"]
[Round "2"]
[White "Dinstuhl, Volkmar"]
[Black "Von Hartlieb, Justus"]
[Result "1-0"]
[WhiteElo "2365"]
[BlackElo "2245"]

1.d4 Nf6 2.c4 e6 3.Nf3 c5 4.d5 exd5 5.cxd5 d6 6.Nc3 g6 7.h3 Bg7 8.e4 O-O
9.Bd3 Re8 10.O-O c4 11.Bxc4 Nxe4 12.Nxe4 Rxe4 13.Bg5 Bf6 14.Bd3 Re8 15.Qa4 Nd7
16.Qh4 Bxg5 17.Nxg5 Nf6 18.f4 Re3 19.f5 Nh5 20.fxg6 hxg6 21.Qf2 Qe7 22.Be4 Re2
23.Qxe2 Qxg5 24.Qf2 f5 25.h4 Qd8 26.Bf3 Nf6 27.Qg3 Kf7 28.Rae1 Qb6+ 29.Kh1 Bd7
30.h5 Rg8 31.hxg6+ Rxg6 32.Re7+ Kxe7 33.Qxg6 Qxb2 34.Qg3 b5 35.Re1+ Kd8 36.Qxd6 Ne4
37.Qb8+ Bc8 38.Bxe4 fxe4 39.Qxa7 Qd2 40.Qb6+ Kd7 41.Qe6+ Kd8 42.Qxe4  1-0

[Event "Munich op9293"]
[Site "Munich"]
[Date "1993.??.??"]
[Round "5"]
[White "Kishnev, Sergey"]
[Black "Womacka, Mathias"]
[Result "1/2-1/2"]
[WhiteElo "2530"]
[BlackElo "2445"]

1.d4 Nf6 2.c4 e6 3.Nf3 c5 4.d5 exd5 5.cxd5 d6 6.Nc3 g6 7.e4 Bg7 8.Bd3 O-O
9.h3 b5 10.O-O b4 11.Nb1 Re8 12.Re1 Nbd7 13.Nbd2 Nb6 14.a3 bxa3 15.Rxa3 a5
16.Nb1 Ba6 17.Nc3 Bxd3 18.Qxd3 Nfd7 19.Bf4 c4 20.Qd2 Nc5 21.Bh6 Bxh6 22.Qxh6 Qf6
23.Ng5 Qg7 24.Qh4 Nbd7  1/2-1/2

[Event "Nagykanizsa op"]
[Site "Nagykanizsa"]
[Date "1993.??.??"]
[Round "6"]
[White "Zimmerman, Yuri"]
[Black "Parkanyi, Attila"]
[Result "0-1"]
[WhiteElo "2360"]
[BlackElo "2290"]

1.d4 Nf6 2.Nf3 e6 3.c4 c5 4.d5 exd5 5.cxd5 d6 6.Nc3 g6 7.Bg5 h6 8.Bh4 Nbd7
9.e3 a6 10.a4 g5 11.Bg3 Nh5 12.Nd2 Nxg3 13.hxg3 Bg7 14.Be2 O-O 15.Kf1 Qe7
16.g4 Rb8 17.g3 Ne5 18.Kg2 f5 19.gxf5 Bxf5 20.Nf3 Qf6 21.Nxe5 Qxe5 22.Bd3 Rf7
23.g4 Bxd3 24.Qxd3 b5 25.axb5 axb5 26.Qg6 Rbf8 27.Raf1 Rf6 28.Qe4 Qe8 29.Qxe8 Rxe8
30.Nxb5 Re4 31.Kg3 Rf8 32.Nc3 Be5+ 33.Kh3 Rb4 34.f4 gxf4 35.exf4 Rfxf4 36.Rxf4 Rxf4
37.Ra1 Rf2 38.g5 h5 39.Rh1 Rd2 40.Ne4 Kg7 41.g6 Kxg6  0-1

[Event "New York op"]
[Site "New York"]
[Date "1993.??.??"]
[Round "6"]
[White "Moran, Augusto"]
[Black "Fedorov, Vladislav"]
[Result "1-0"]
[WhiteElo "2375"]
[BlackElo "2425"]

1.d4 Nf6 2.c4 e6 3.Nf3 c5 4.d5 d6 5.Nc3 exd5 6.cxd5 g6 7.Nd2 Bg7 8.Nc4 O-O
9.Bg5 Qe7 10.Qd2 Bd7 11.a4 Na6 12.f3 Nb4 13.e4 h6 14.Bf4 Ne8 15.Be2 g5 16.Be3 f5
17.O-O f4 18.Bf2 b6 19.Rfe1 h5 20.e5 Bxe5 21.Nxe5 dxe5 22.d6 Qxd6 23.Bc4+ Kg7
24.Rad1 Qxd2 25.Rxd2 Bf5 26.Rxe5 Nc6 27.Ree2 Nf6 28.Nb5 Rad8 29.Nd6 Bg6 30.Bb5 Na5
31.Re7+ Kh6 32.Re6 h4 33.Rde2 Kh5 34.g4+ fxg3 35.hxg3 Nd5 36.g4+ Kh6 37.Bd3 Rf6
38.Rxf6 Nxf6 39.Re6 Bxd3 40.Nf7+ Kg7 41.Nxd8 Nd5 42.Be3 Nxe3 43.Rxe3 Bc2
44.Re7+ Kf6 45.Rxa7 Bxa4 46.Ra6 Bd1 47.Rxb6+ Ke7 48.Nc6+ Nxc6 49.Rxc6 Bxf3
50.Rxc5 Bxg4 51.Rxg5 Bd7 52.Rh5 h3 53.Rh7+ Kd6 54.Kf2 Bc8 55.Ke3 Kc6 56.Rh5 Kb6
57.Kd4 Bg4 58.Rh4 Bc8 59.Kc4 Ba6+ 60.Kb4 Bf1 61.Rh6+ Kc7 62.Kc5 Kd7 63.b4 Bg2
64.b5 Ke7 65.Rh7+ Kd8 66.Kb6 Bf1 67.Rh5 Kd7 68.Ka7 h2 69.b6  1-0

[Event "NLD-chT"]
[Site "?"]
[Date "1993.??.??"]
[Round "4"]
[White "Boersma, Paulus A"]
[Black "Los, Sander"]
[Result "1-0"]
[WhiteElo "2365"]
[BlackElo "2320"]

1.Nf3 Nf6 2.c4 e6 3.d4 c5 4.d5 exd5 5.cxd5 d6 6.Nc3 g6 7.Bg5 Bg7 8.Nd2 a6
9.a4 h6 10.Bh4 g5 11.Bg3 Nh5 12.Nc4 Nxg3 13.hxg3 O-O 14.e3 Nd7 15.Nxd6 Ne5
16.Nxc8 Rxc8 17.Be2 c4 18.O-O f5 19.Qd2 Rc5 20.Rad1 Kh8 21.f4 gxf4 22.gxf4 Nd7
23.e4 fxe4 24.Nxe4 Rc8 25.Bg4 Re8 26.Be6 Qc7 27.f5 Rcd8 28.f6 Nxf6 29.Rxf6  1-0

[Event "NOR-ch"]
[Site "?"]
[Date "1993.??.??"]
[Round "6"]
[White "Djurhuus, Rune"]
[Black "Fossan, Petter"]
[Result "0-1"]
[WhiteElo "2460"]
[BlackElo "2315"]

1.d4 Nf6 2.Nf3 c5 3.d5 e6 4.c4 exd5 5.cxd5 d6 6.Nc3 g6 7.Bf4 Bg7 8.Qa4+ Bd7
9.Qb3 Qc7 10.Nd2 Nh5 11.Bg5 h6 12.Bh4 g5 13.Bg3 O-O 14.e3 a6 15.a4 Bf5 16.Be2 Nxg3
17.hxg3 Nd7 18.a5 Rae8 19.Nc4 Ne5 20.Qb6 Qxb6 21.Nxb6 Rd8 22.Kd2 Rfe8 23.Ra3 Re7
24.Re1 Nd7 25.Nc4 Bxc3+ 26.bxc3 Be4 27.Bf3 Ne5 28.Nxe5 Rxe5 29.Bxe4 Rxe4
30.f3 Re5 31.c4 f5 32.Rb3 Rd7 33.Kd3 Kg7 34.Rb2 Kg6 35.Rbe2 Rde7 36.e4 fxe4+
37.fxe4 Rf7 38.Rb1 Kh5 39.Rb6 Rd7 40.Rf2 Kg4 41.Rf3 h5 42.Rb1 Re8 43.Re1 Re5
44.Re2 Rde7 45.Rf6 Rd7 46.Re3 Re8 47.e5 Rxe5 48.Rxe5 dxe5 49.Rf3 e4+ 50.Kxe4 Re7+
51.Kd3 b5 52.axb6 Rb7 53.Kc2 Rxb6 54.Kc3 Rb8 55.d6 Rd8 56.Rd3 Kf5 57.Rd5+ Ke4
58.d7 g4 59.Kb3 Ke3 60.Rxc5  0-1

[Event "Oberwart op"]
[Site "Oberwart"]
[Date "1993.??.??"]
[Round "2"]
[White "Lazarev, Efrim M"]
[Black "Higatsberger, Michael"]
[Result "1-0"]
[WhiteElo "2390"]
[BlackElo "2185"]

1.d4 Nf6 2.c4 c5 3.d5 e6 4.Nc3 exd5 5.cxd5 d6 6.Nf3 g6 7.h3 Bg7 8.e4 O-O
9.Bd3 b5 10.Nxb5 Nxe4 11.Bxe4 Re8 12.Nd2 f5 13.O-O fxe4 14.Nc4 Be5 15.Nxe5 Rxe5
16.Bf4 Rf5 17.Bg3 Ba6 18.Nxd6 Bxf1 19.Nxf5 gxf5 20.Kxf1 Nd7 21.d6 Nb6 22.Rc1 Rc8
23.a4 Qf6 24.b4 c4 25.a5 Nd7 26.Bf4 c3 27.Qb3+ Kg7 28.Qd5 Qf7 29.Qd4+ Kg6
30.Rxc3 Rxc3 31.Qxc3 Qd5 32.Kg1 Nf6 33.Be5 Nh5 34.Qd4  1-0

[Event "Odorheiu Secuiesc op"]
[Site "Odorheiu Secuiesc"]
[Date "1993.??.??"]
[Round "10"]
[White "Cosma, Ioan"]
[Black "Musat, Adrian"]
[Result "1/2-1/2"]
[WhiteElo "2365"]
[BlackElo "2275"]

1.d4 Nf6 2.c4 e6 3.Nf3 c5 4.d5 exd5 5.cxd5 d6 6.Nc3 g6 7.g3 Bg7 8.Bg2 O-O
9.O-O Na6 10.Nd2 Nc7 11.Nc4 Nfe8 12.a4 b6 13.Qd2 Ba6 14.b3 Bxc4 15.bxc4 a6
16.Rb1 Rb8 17.Rb3 Nf6 18.Bb2 Nd7 19.Nd1 b5 20.Bxg7 Kxg7 21.axb5 axb5 22.cxb5 Nxb5
23.Nb2 Qf6 24.Nc4 Nd4 25.Rxb8 Rxb8 26.e3 Rb4 27.Qd3 Rb3 28.Qd1 Rb4 29.Qd3 Rb3  1/2-1/2

[Event "Apsap op"]
[Site "Paris"]
[Date "1993.??.??"]
[Round "4"]
[White "Roeder, Mathias"]
[Black "Godard, Maxence"]
[Result "1-0"]
[WhiteElo "2405"]
[BlackElo "2220"]

1.d4 Nf6 2.c4 e6 3.Nf3 c5 4.d5 exd5 5.cxd5 d6 6.Nc3 g6 7.Bf4 Bg7 8.Qa4+ Bd7
9.Qb3 Qc7 10.e4 O-O 11.Nd2 Nh5 12.Be3 f5 13.exf5 gxf5 14.Be2 Be8 15.Nf3 h6
16.O-O a6 17.a4 Nd7 18.Rfe1 f4 19.Bd2 Ne5 20.Ne4 Bg6 21.Rac1 Kh8 22.Nxe5 Bxe5
23.Bxh5 Bxh5 24.Nxc5 Qf7 25.Bc3 Rg8 26.Rxe5 dxe5 27.Bxe5+ Kh7 28.Ne4 Rac8
29.Rxc8 Rxc8 30.h3 Bg6 31.Nf6+ Kg7 32.Qb4 b5 33.axb5 axb5 34.Qxf4 Rc4 35.Ng4+ Kf8
36.Bd6+ Ke8 37.Qxh6 Re4 38.Qh8+ Kd7 39.Ne5+  1-0

[Event "POR-chT"]
[Site "?"]
[Date "1993.??.??"]
[Round "2"]
[White "Parcerias, Pedro"]
[Black "Galego, Luis"]
[Result "1/2-1/2"]
[WhiteElo "2290"]
[BlackElo "2390"]

1.d4 Nf6 2.c4 c5 3.d5 e6 4.Nc3 exd5 5.cxd5 d6 6.Nf3 g6 7.h3 Bg7 8.e4 O-O
9.Bd3 Re8 10.O-O a6 11.a4 Nbd7 12.Bf4 Qe7 13.Re1 Nh5 14.Bh2 Ne5 15.Nxe5 Bxe5
16.Qd2 g5 17.Be2 Nf4 18.Bxf4 gxf4 19.Qd1 Qh4 20.Bg4 Kh8 21.Bxc8 Raxc8 22.Qg4 Qxg4
23.hxg4 Rb8 24.a5 b5 25.axb6 Rxb6 26.Ra2 Reb8 27.Re2 Rb3 28.g3 fxg3 29.fxg3 Rg8
30.Rxa6 Rxg4 31.Rg2 Rxg3 32.Rxg3 Bxg3 33.Na4 Be5 34.Nb6 Rxb2 35.Nc4 Rb4 36.Nxd6 Bxd6
37.Rxd6 Rxe4 38.Rc6 c4 39.Kf2 Kg7 40.Kf3 Rd4 41.d6 c3 42.Rxc3 Rxd6 43.Rc5 Kg6
44.Kg3 h5 45.Kh4 Rd4+ 46.Kg3 Rg4+ 47.Kf3 Rg5 48.Rc8 Ra5 49.Kf4 Ra4+ 50.Kg3 Kg5
51.Rg8+ Kf5 52.Rh8 Ra3+ 53.Kh4 Kf4 54.Rf8 f5 55.Kxh5 Rg3 56.Kh4 Rg7 57.Kh3 Ke4
58.Ra8 Rg1 59.Ra4+ Kf3 60.Ra3+ Kf4 61.Rb3 Re1 62.Kg2 Re2+ 63.Kf1 Re3 64.Rb5 Ra3
65.Rb2 Kg3 66.Rg2+ Kh3 67.Rg5  1/2-1/2

[Event "POR-sf"]
[Site "?"]
[Date "1993.??.??"]
[Round "4"]
[White "Ferreira, A."]
[Black "Galego, Luis"]
[Result "1/2-1/2"]
[WhiteElo "2305"]
[BlackElo "2390"]

1.d4 Nf6 2.c4 e6 3.Nf3 c5 4.d5 exd5 5.cxd5 d6 6.Nc3 g6 7.e4 Bg7 8.h3 O-O
9.Bd3 Na6 10.O-O Re8 11.Re1 Nc7 12.a4 h6 13.Nd2 Qe7 14.Be2 Nd7 15.Nc4 Ne5
16.Bf4 g5 17.Bxe5 Bxe5 18.Nxe5 Qxe5 19.Bg4 Kg7 20.Re3 Re7 21.Ne2 Bxg4 22.hxg4 Rh8
23.Ng3 Kf8 24.Nf5 Rd7 25.Qe2 Ne8 26.g3 Ng7 27.Rf1 Qf6 28.e5 dxe5 29.Rxe5 Rd8
30.Re1 Nxf5 31.Rxf5 Qd6 32.Qf3 Rh7 33.Re6 Qd7 34.Rfe5 Kg8 35.Re7 Qxa4 36.Qf6 Rg7
37.Rxb7 Rf8 38.Qf3 Qd4 39.Ree7 c4 40.Rxa7 Qxb2 41.Rac7 Qd4 42.Rc6 Rg6 43.Rec7 Rxc6
44.Rxc6 Rd8 45.Rc7 Qxd5 46.Qxd5  1/2-1/2

[Event "CRO-Cup"]
[Site "Pula"]
[Date "1993.??.??"]
[Round "6"]
[White "Mandekic, Ivan"]
[Black "Hulak, Krunoslav"]
[Result "0-1"]
[WhiteElo "2230"]
[BlackElo "2540"]

1.d4 Nf6 2.Nf3 e6 3.c4 c5 4.d5 exd5 5.cxd5 d6 6.Nc3 g6 7.e4 Bg7 8.Bd3 O-O
9.O-O Bg4 10.h3 Bxf3 11.Qxf3 Nbd7 12.Qd1 a6 13.a4 Rc8 14.a5 c4 15.Bc2 Nc5
16.Re1 Nfd7 17.f4 Re8 18.Ra3 Qc7 19.e5 dxe5 20.d6 Qc6 21.f5 e4 22.Be3 Nd3
23.Rf1 Qxd6 24.fxg6 hxg6 25.Nxe4 Rxe4 26.Bxd3 Rxe3  0-1

[Event "Rishon Le Ziyyon"]
[Site "Rishon Le Ziyyon"]
[Date "1993.??.??"]
[Round "10"]
[White "Grivas, Efstratios"]
[Black "Gruenfeld, Yehuda"]
[Result "0-1"]
[WhiteElo "2505"]
[BlackElo "2535"]

1.d4 Nf6 2.c4 e6 3.Nf3 c5 4.d5 d6 5.Nc3 exd5 6.cxd5 g6 7.e4 Bg7 8.Bg5 h6
9.Bh4 a6 10.Nd2 b5 11.Be2 O-O 12.O-O Re8 13.Qc2 Nbd7 14.f4 c4 15.Rae1 Nc5
16.a3 Bd7 17.Kh1 Rc8 18.f5 g5 19.Bg3 a5 20.Bxc4 bxc4 21.Nxc4 Nb7 22.Qb3 Qc7
23.e5 Qxc4 24.Qxb7 dxe5  0-1

[Event "Rostov op"]
[Site "Rostov"]
[Date "1993.??.??"]
[Round "?"]
[White "Aseev, Konstantin N"]
[Black "Magerramov, Elmar"]
[Result "0-1"]
[WhiteElo "2515"]
[BlackElo "2565"]

1.d4 Nf6 2.c4 e6 3.Nf3 c5 4.d5 exd5 5.cxd5 d6 6.Nc3 g6 7.e4 a6 8.h3 b5 9.Bd3 Bg7
10.O-O O-O 11.Bf4 Re8 12.a3 Bb7 13.Re1 Qb6 14.Qd2 Nbd7 15.Re2 c4 16.Bc2 Nc5
17.Rae1 Nfd7 18.Be3 Qc7 19.Rd1 Rac8 20.Bd4 f6 21.Be3 Ne5 22.Nd4 Qf7 23.f3 Re7
24.Kh1 Qe8 25.Rf1 Rec7 26.Bg1 Ned3 27.Bxd3 cxd3 28.Ree1 Qf7 29.Rd1 f5 30.exf5 Bxd5
31.fxg6 hxg6 32.Nxd5 Qxd5 33.Qf4 Rf8 34.Qg4 g5 35.g3 Re7 36.b4 Nd7 37.Rxd3 Nf6  0-1

[Event "Rostov op"]
[Site "Rostov"]
[Date "1993.??.??"]
[Round "?"]
[White "Ionov, Sergey"]
[Black "Lerner, Konstantin Z"]
[Result "1/2-1/2"]
[WhiteElo "2500"]
[BlackElo "2530"]

1.d4 Nf6 2.c4 e6 3.Nf3 c5 4.d5 exd5 5.cxd5 d6 6.Nc3 g6 7.e4 Bg7 8.Bd3 O-O
9.h3 Bd7 10.O-O b5 11.a3 Re8 12.Re1 c4 13.Bc2 Na6 14.Be3 Qc7 15.Bd4 b4 16.axb4 Nxb4
17.Bb1 a5 18.Qd2 Rab8 19.Rc1 Bc8 20.Nh2 Na6 21.Ne2 Nc5 22.Rxc4 Ncxe4 23.Qc1 Qd8
24.Bxe4 Nxe4 25.Bxg7 Kxg7 26.Nc3 Nc5 27.Na4 Nb3 28.Qc3+ Qf6 29.Qxf6+ Kxf6
30.Rd1 Bd7 31.Nf3 g5 32.Nc3 Nc5 33.Rd2 Rb6 34.Nd1 Bb5 35.Rg4 Be2 36.Ne3 Bxf3
37.gxf3 h5 38.Rc4 Ke7 39.Kg2 Kd7 40.f4 f6 41.fxg5 fxg5 42.h4 Rg8 43.hxg5 Rxg5+
44.Kf3 Rb3 45.Rf4 Rg7 46.Ke2 Re7 47.Kf1 Rb4 48.Rxb4 axb4 49.Rd4 Re4 50.Rxe4 Nxe4
51.Nc2 b3 52.Nd4 Nf6  1/2-1/2